00881cam a22002411 4500001001300000003000400013005001700017008004100034010001700075035002000092040002400112043001200136050001500148100003900163245013300202260002200335300001800357490003900375500008400414651005100498830007300549999001700622sa 68012412 DLC20260227112610.0840127s1967 io 000 0 ind  asa 68012412  a(OCoLC)10347563 aDLCcCUdOCoLCdDLC aa-io---00aJQ771b.N31 aNasution, Abdul Haris,d1918-2000.10aPidato ketua Madjelis Permusjawaratan Rakjat Sementara A. H. Nasution pada penutupan sidang istimewa MPRS tanggal 12 Maret 1967. a[Djakarta,c1967] a14 p.c22 cm.1 aPenerbitan MPRS tahun 1967,vno. 3 aAt head of title: Madjelis Permusjawaratan Rakjat Sementara Republik Indonesia. 0aIndonesiaxPolitics and governmenty1966-1998. 0aMadjelis Permusjawaratan Rakjat Sementara Penerbitan, 1967 ;vno. 3. c84516d84516